LEADER 03722oam 2200673I 450 001 9910458850303321 005 20200520144314.0 010 $a0-429-25081-9 010 $a1-4398-0502-4 024 7 $a10.1201/EBK1439805015 035 $a(CKB)2670000000033120 035 $a(EBL)555714 035 $a(OCoLC)652654240 035 $a(SSID)ssj0000425561 035 $a(PQKBManifestationID)11297707 035 $a(PQKBTitleCode)TC0000425561 035 $a(PQKBWorkID)10365352 035 $a(PQKB)11451090 035 $a(MiAaPQ)EBC555714 035 $a(Au-PeEL)EBL555714 035 $a(CaPaEBR)ebr10405038 035 $a(CaONFJC)MIL692495 035 $a(EXLCZ)992670000000033120 100 $a20180331d2011 uy 0 101 0 $aeng 135 $aur|n|---||||| 181 $ctxt 182 $cc 183 $acr 200 00$aPolice without borders $ethe fading distinction between local and global /$f[edited by] Cliff Roberson, Dilip K. Das, Jennie K. Singer 210 1$aBoca Raton :$cCRC Press,$d2011. 215 $a1 online resource (330 p.) 300 $a"Fifteenth Annual International Police Executive Symposium held in Cincinnati, Ohio, USA in 2008." 311 $a1-322-61213-7 311 $a1-4398-0501-6 320 $aIncludes bibliographical references and index. 327 $aFront cover; Table of Contents; Preface; About the Editors; Contributors; Introduction; Chapter 1: Police Without Borders; Chapter 2: Policing Activity and Human Rights; Chapter 3: Keeping Order in aTime of Dynamic Change and Exchange; Chapter 4: Growth andDevelopment of Women Police in India; Chapter 5: On Police and Policing in Slovenia; Chapter 6: The Study of Policing in China; Chapter 7: Development ofGuidance Activitiesby Police forPrevention of Juvenile Delinquency in Japan; Chapter 8: An Innovative PoliceProject to TackleYouth Crime Problems in Hong Kong 327 $aChapter 9: "Non-Returnable "Arrest WarrantsChapter 10: Spooking the Spooks; Chapter 11: The Challenge ofTransnational andOrganized Crime in the Nordic Countries; Chapter 12: The Public HousingSafety Initiative inthe Eastern District of New York; Appendix: Summary of Meeting Presentations; Index; IPES Board of Directors; Back cover 330 $aPolicing Without Borders: The Fading Distinction between Local and Global emphasizes the rising need for a cohesive international policing community. As crimes become more transnational in scope, the need for systematic communication between national police agencies becomes increasingly apparent. Various methods of collaboration need to address ways to institute global police communication. The chapters of this book focus on the theme of how local and global police practitioners and researchers can better collaborate on the mission of viewing policing with a global focus--Provided by publisher. 606 $aPolice$xInternational cooperation 606 $aLaw enforcement$xInternational cooperation 606 $aCrime prevention$xInternational cooperation 606 $aPolice$vCross-cultural studies 608 $aElectronic books. 615 0$aPolice$xInternational cooperation. 615 0$aLaw enforcement$xInternational cooperation. 615 0$aCrime prevention$xInternational cooperation. 615 0$aPolice 676 $a363.2/3 701 $aRoberson$b Cliff$f1937-$0901121 701 $aDas$b Dilip K.$f1941-$0124139 701 $aSinger$b Jennie K$0901122 712 12$aInternational Police Executive Symposium$d(15th :$f2008 :$eCincinnati, Ohio) 801 0$bFlBoTFG 801 1$bFlBoTFG 906 $aBOOK 912 $a9910458850303321 996 $aPolice without borders$92014123 997 $aUNINA LEADER 01157nas 2200421 c 450 001 9910892135603321 005 20260218112731.0 035 $a(CKB)5280000000192289 035 $a(DE-101)1062675517 035 $a(DE-599)ZDB2801128-4 035 $a(DE-599)2801128-4 035 $a(EXLCZ)995280000000192289 100 $a20141126a20109999 |y | 101 0 $ager 135 $aur||||||||||| 181 $ctxt$2rdacontent 182 $cc$2rdamedia 183 $acr$2rdacarrier 200 00$aFerrum$edas Magazin für die pfälzische Metall- und Elektroindustrie$fPfalzmetall 210 31$aNeustadt, Weinstr.$cPfalzmetall$d2010- 210 21$aHeidelberg$cHaefner$d-2013 215 $aOnline-Ressource$d30 cm 300 $aGesehen am 17.04.2020 311 08$a0170-7000 517 $aFerrum 608 $aZeitschrift$2gnd-content 676 $a330 676 $a070 676 $a360 676 $a670 712 02$aVerband der Pfa?lzischen Metall- und Elektroindustrie$4isb 801 0$b4045 801 1$bDE-101 801 2$b9001 906 $aJOURNAL 912 $a9910892135603321 996 $aFerrum$91914630 997 $aUNINA